[Event "38. Abierto Ciudad de Sevilla"]
[Site "Sevilla ESP"]
[Date "2013.01.17"]
[Round "7.20"]
[White "Delgado Serrano, Angel"]
[Black "Sgnaolin, Davide"]
[Result "0-1"]
[WhiteElo "2139"]
[BlackElo "2269"]
[PlyCount "88"]
[EventDate "2013.01.11"]
[EventType "swiss"]
[EventRounds "9"]
[EventCountry "ESP"]
[Source "lmi"]
[SourceDate "2013.01.11"]

1. e4 c5 2. Nf3 Nc6 3. d3 g6 4. g3 Bg7 5. Bg2 d6 6. O-O e5 7. c3 Nge7 8. a3 a6
9. b4 b6 10. Bb2 O-O 11. d4 exd4 12. cxd4 Bg4 13. Nbd2 Nxd4 14. Qb1 Nec6 15. h3
Bxf3 16. Nxf3 Nxf3+ 17. Bxf3 Bxb2 18. Qxb2 Nd4 19. Bg2 Rb8 20. Rfe1 Re8 21.
Rad1 Qf6 22. Kh1 h5 23. h4 a5 24. Re3 Qe6 25. Qd2 axb4 26. axb4 Ra8 27. Rb1 Ra2
28. Rb2 Rea8 29. e5 Rxb2 30. Qxb2 Ra2 31. Qc3 Rxf2 32. exd6 Qxd6 33. bxc5 bxc5
34. Qe1 Rf6 35. Re8+ Kg7 36. Qe5 Qxe5 37. Rxe5 Rf5 38. Re7 Kf6 39. Rc7 Re5 40.
Bf1 Re3 41. Bc4 Rxg3 42. Rxf7+ Ke5 43. Kh2 Rc3 44. Ba6 Nf3+ 0-1

[Event "38. Abierto Ciudad de Sevilla"]
[Site "Sevilla ESP"]
[Date "2013.01.17"]
[Round "7.22"]
[White "Gonzalez Galvan, Juan Manuel"]
[Black "Morales Araujo, Francisco Javier"]
[Result "1-0"]
[WhiteElo "2249"]
[BlackElo "2112"]
[PlyCount "57"]
[EventDate "2013.01.11"]
[EventType "swiss"]
[EventRounds "9"]
[EventCountry "ESP"]
[Source "lmi"]
[SourceDate "2013.01.11"]

1. e4 e6 2. d4 d5 3. e5 c5 4. c3 Qb6 5. Nf3 Bd7 6. Bd3 Bb5 7. dxc5 Bxc5 8. b4
Bf8 9. Na3 Bxd3 10. Qxd3 a6 11. O-O Ne7 12. c4 Nbc6 13. b5 Nb4 14. Qb3 Nf5 15.
Bd2 dxc4 16. Nxc4 Qxb5 17. a4 Qc5 18. Rac1 a5 19. Nd6+ Bxd6 20. Rxc5 Bxc5 21.
Qc4 b6 22. Qb5+ Ke7 23. g4 Nh6 24. Bg5+ Kf8 25. h3 Ng8 26. Nd2 Nd5 27. Ne4 Bb4
28. Rc1 Nge7 29. Qd7 1-0

[Event "38. Abierto Ciudad de Sevilla"]
[Site "Sevilla ESP"]
[Date "2013.01.18"]
[Round "8.1"]
[White "Mirzoev, Azer"]
[Black "Haslinger, Stewart G"]
[Result "1/2-1/2"]
[WhiteElo "2547"]
[BlackElo "2535"]
[PlyCount "113"]
[EventDate "2013.01.11"]
[EventType "swiss"]
[EventRounds "9"]
[EventCountry "ESP"]
[Source "lmi"]
[SourceDate "2013.01.11"]

1. d4 d5 2. c4 e6 3. Nc3 Bb4 4. Qa4+ Nc6 5. e3 Nf6 6. Bd2 O-O 7. a3 Bxc3 8.
Bxc3 e5 9. Nf3 exd4 10. Nxd4 Ne5 11. Nf3 Nxc4 12. Bxc4 dxc4 13. Rd1 Nd5 14.
Qxc4 Be6 15. Qd4 Nxc3 16. Qxc3 Qe7 17. Nd4 Bg4 18. Rc1 Qg5 19. Qc5 Qxc5 20.
Rxc5 Rac8 21. f3 b6 22. Rc3 c5 23. fxg4 cxd4 24. exd4 Rcd8 25. Rd3 Rfe8+ 26.
Kf2 Re4 27. Rc1 Rxg4 28. Rc7 Kf8 29. d5 Rg5 30. d6 Rg6 31. Rc6 Re6 32. b4 g6
33. b5 Rd7 34. a4 h5 35. g3 Kg7 36. h4 Kf8 37. Kf3 Kg7 38. Kf4 Kf6 39. Rd4 Re5
40. Rc8 Re6 41. Rc7 Rdxd6 42. Rxd6 Rxd6 43. Rxa7 Rd4+ 44. Ke3 Rg4 45. Kf3 Ke6
46. Ra6 Ke5 47. Ra7 Ke6 48. a5 bxa5 49. Rxa5 Rb4 50. Kg2 f6 51. Kf3 g5 52. hxg5
fxg5 53. b6 Kf6 54. Ra6 Kf5 55. Ra5+ Kf6 56. Ra6 Kf5 57. Ra5+ 1/2-1/2

[Event "38. Abierto Ciudad de Sevilla"]
[Site "Sevilla ESP"]
[Date "2013.01.18"]
[Round "8.4"]
[White "Barua, Dibyendu"]
[Black "Fernandez Romero, Ernesto"]
[Result "1/2-1/2"]
[WhiteElo "2413"]
[BlackElo "2480"]
[PlyCount "71"]
[EventDate "2013.01.11"]
[EventType "swiss"]
[EventRounds "9"]
[EventCountry "ESP"]
[Source "lmi"]
[SourceDate "2013.01.11"]

1. e4 e6 2. d4 d5 3. Nd2 Nf6 4. e5 Nfd7 5. Bd3 c5 6. c3 Nc6 7. Ne2 Rb8 8. O-O
b5 9. f4 g6 10. Nf3 Qb6 11. g4 h5 12. h3 b4 13. Kg2 hxg4 14. hxg4 Ba6 15. Bxa6
Qxa6 16. f5 gxf5 17. gxf5 bxc3 18. bxc3 exf5 19. Nf4 Rg8+ 20. Kf2 Qc4 21. Qd3
Qxd3 22. Nxd3 cxd4 23. cxd4 Nb4 24. Nxb4 Bxb4 25. Be3 Rg4 26. Rab1 f4 27. Bd2
Bxd2 28. Nxd2 Rg6 29. Rfc1 Rxb1 30. Rc8+ Ke7 31. Nxb1 f6 32. Rc6 Rg5 33. Nc3
fxe5 34. Nxd5+ Kf7 35. dxe5 Rxe5 36. Nxf4 1/2-1/2

[Event "38. Abierto Ciudad de Sevilla"]
[Site "Sevilla ESP"]
[Date "2013.01.18"]
[Round "8.5"]
[White "Komljenovic, Davorin"]
[Black "Roy Chowdhury, Saptarshi"]
[Result "0-1"]
[WhiteElo "2393"]
[BlackElo "2451"]
[PlyCount "152"]
[EventDate "2013.01.11"]
[EventType "swiss"]
[EventRounds "9"]
[EventCountry "ESP"]
[Source "lmi"]
[SourceDate "2013.01.11"]

1. Nf3 c5 2. c4 Nc6 3. d4 cxd4 4. Nxd4 g6 5. e4 Bg7 6. Be3 Nf6 7. Nc3 O-O 8.
Be2 b6 9. O-O Bb7 10. Qd2 Nxd4 11. Bxd4 e5 12. Bxe5 Nxe4 13. Nxe4 Bxe5 14. Nd6
Bxd6 15. Qxd6 Qg5 16. f3 Bc6 17. Rf2 Rfe8 18. Rd1 Re6 19. Qd2 Qe7 20. b4 Rd8
21. b5 Bb7 22. f4 Be4 23. Bf3 Bxf3 24. Rxf3 Re2 25. Qd6 Qxd6 26. Rxd6 Rxa2 27.
Rfd3 Re8 28. Rd2 Re1+ 29. Kf2 Rxd2+ 30. Rxd2 Re4 31. Kf3 Rxc4 32. Rxd7 h5 33.
Rxa7 Rc5 34. Rb7 Rxb5 35. Ke4 Kg7 36. g3 Rb2 37. h3 Kf6 38. g4 Rb3 39. g5+ Ke6
40. h4 Rb4+ 41. Ke3 f6 42. Rg7 Kf5 43. Rf7 Re4+ 44. Kd3 Re6 45. Kc4 Kxf4 46.
Rxf6+ Ke5 47. Rf1 Rd6 48. Kb5 Rd4 49. Rf6 Rxh4 50. Rxg6 Kf5 51. Rxb6 Kxg5 52.
Kc5 Re4 53. Kd5 Re8 54. Rb7 h4 55. Rg7+ Kf4 56. Rf7+ Kg3 57. Rg7+ Kh2 58. Kd4
Re1 59. Kd3 Rg1 60. Rf7 Rg2 61. Ke3 h3 62. Rh7 Rg8 63. Kf2 Rf8+ 64. Ke2 Rg8 65.
Kf2 Rf8+ 66. Ke2 Kg2 67. Rg7+ Kh1 68. Rg6 Ra8 69. Kf2 Ra2+ 70. Kf1 Rg2 71. Rf6
Kh2 72. Rf2 Kh1 73. Rf3 Kh2 74. Rf2 Kg3 75. Rxg2+ hxg2+ 76. Kg1 Kf3 0-1

[Event "38. Abierto Ciudad de Sevilla"]
[Site "Sevilla ESP"]
[Date "2013.01.18"]
[Round "8.6"]
[White "Belezky, Alexander"]
[Black "Estremera Panos, Sergio"]
[Result "1-0"]
[WhiteElo "2427"]
[BlackElo "2367"]
[PlyCount "69"]
[EventDate "2013.01.11"]
[EventType "swiss"]
[EventRounds "9"]
[EventCountry "ESP"]
[Source "lmi"]
[SourceDate "2013.01.11"]

1. Nf3 c5 2. g3 g6 3. Bg2 Bg7 4. d3 Nc6 5. O-O e5 6. c4 Nge7 7. Nc3 d6 8. Rb1
O-O 9. a3 a5 10. Bd2 Be6 11. Ng5 Bg4 12. h3 Bc8 13. Nd5 Nxd5 14. cxd5 Ne7 15.
b4 cxb4 16. axb4 a4 17. e4 h6 18. Nf3 f5 19. b5 g5 20. Ne1 f4 21. Nc2 Ng6 22.
Kh2 Qf6 23. Bf3 Bd7 24. Na3 Ne7 25. Rc1 Rf7 26. Rc7 Ng6 27. Rxb7 Raf8 28. Bg4
fxg3+ 29. Kxg3 Bxg4 30. Rxf7 Rxf7 31. Qxg4 Nh4 32. Be3 Qg6 33. Rc1 h5 34. Qe6
Bf6 35. Rc7 1-0

[Event "38. Abierto Ciudad de Sevilla"]
[Site "Sevilla ESP"]
[Date "2013.01.18"]
[Round "8.7"]
[White "Rzayev, Bahruz"]
[Black "Pogorelov, Ruslan"]
[Result "1-0"]
[WhiteElo "2370"]
[BlackElo "2409"]
[PlyCount "79"]
[EventDate "2013.01.11"]
[EventType "swiss"]
[EventRounds "9"]
[EventCountry "ESP"]
[Source "lmi"]
[SourceDate "2013.01.11"]

1. c4 c5 2. Nc3 g6 3. g3 Bg7 4. Bg2 Nc6 5. d3 e6 6. e4 Nge7 7. h4 O-O 8. h5 d5
9. hxg6 fxg6 10. Bg5 dxc4 11. dxc4 Qe8 12. Qg4 Qf7 13. f4 e5 14. Qh4 h5 15.
Nge2 Bg4 16. O-O Bxe2 17. Nxe2 Qxc4 18. Nc3 Rae8 19. f5 gxf5 20. Qxh5 Qf7 21.
Qh3 f4 22. gxf4 exf4 23. Bxf4 Bd4+ 24. Kh1 Qh7 25. Bd6 Qxh3+ 26. Bxh3 Rxf1+ 27.
Rxf1 Ng6 28. Bf5 Nh4 29. Bd7 Rd8 30. Be6+ Kg7 31. Nb5 Rh8 32. Nxd4 Nf5+ 33. Kg1
Nfxd4 34. Bd5 b6 35. b4 Re8 36. bxc5 b5 37. Rf7+ Kg6 38. Rc7 Ne5 39. Rxa7 Nc4
40. Bf7+ 1-0

[Event "38. Abierto Ciudad de Sevilla"]
[Site "Sevilla ESP"]
[Date "2013.01.18"]
[Round "8.8"]
[White "Herraiz Hidalgo, Herminio"]
[Black "Barrero Garcia, Carlos"]
[Result "0-1"]
[WhiteElo "2488"]
[BlackElo "2350"]
[PlyCount "76"]
[EventDate "2013.01.11"]
[EventType "swiss"]
[EventRounds "9"]
[EventCountry "ESP"]
[Source "lmi"]
[SourceDate "2013.01.11"]

1. d4 Nf6 2. c4 g6 3. Nc3 Bg7 4. e4 d6 5. Be2 O-O 6. Nf3 c5 7. O-O cxd4 8. Nxd4
Nc6 9. Be3 Nxd4 10. Bxd4 Bd7 11. Qd3 Bc6 12. b4 a6 13. a4 a5 14. b5 Be8 15. f4
Nd7 16. Bxg7 Kxg7 17. Qd4+ f6 18. Rad1 Bf7 19. Bg4 Rc8 20. Nd5 e6 21. Ne3 Qb6
22. Bf3 e5 23. fxe5 dxe5 24. Qxb6 Nxb6 25. Bg4 Rc7 26. Rd6 Nxa4 27. Rdxf6 Nc5
28. b6 Rc6 29. R6f2 Rxb6 30. Nd5 Rd6 31. Nc3 Rd3 32. Nb5 Nxe4 33. Rc2 Rd2 34.
Rcc1 Nc5 35. Rc3 Be8 36. Re1 Bc6 37. Bh3 Nd3 38. Ra1 Nf4 0-1

[Event "38. Abierto Ciudad de Sevilla"]
[Site "Sevilla ESP"]
[Date "2013.01.18"]
[Round "8.12"]
[White "Munoz Martin, Pablo"]
[Black "Kjartansson, Gudmundur"]
[Result "0-1"]
[WhiteElo "2229"]
[BlackElo "2408"]
[PlyCount "156"]
[EventDate "2013.01.11"]
[EventType "swiss"]
[EventRounds "9"]
[EventCountry "ESP"]
[Source "lmi"]
[SourceDate "2013.01.11"]

1. Nf3 Nf6 2. g3 b6 3. Bg2 Bb7 4. O-O g6 5. c4 Bg7 6. d4 O-O 7. Nc3 Ne4 8. Nxe4
Bxe4 9. b3 a5 10. Bb2 d6 11. Qd2 e6 12. h4 Nd7 13. Ng5 Bxg2 14. Kxg2 a4 15. c5
dxc5 16. dxc5 Nxc5 17. Qxd8 Rfxd8 18. Bxg7 Kxg7 19. b4 Na6 20. Rfc1 h6 21. Nf3
Rd5 22. Rc6 Rad8 23. a3 Rb5 24. Rac1 e5 25. R1c4 Rd1 26. Re4 f6 27. h5 g5 28.
Kh3 Ra1 29. Kg4 Rxa3 30. Kf5 Rxf3+ 31. exf3 a3 32. Rc3 a2 33. Ra3 Nxb4 34. Ra7
Nd5 35. Ke6 Rc5 36. Rxa2 Nc3 37. Rd2 Rc6+ 38. Kd7 Nxe4 39. fxe4 Rc4 40. Ke6 Rd4
41. Rc2 Rd6+ 42. Ke7 b5 43. Rxc7 Rb6 44. Rc3 g4 45. Kd7 Kf7 46. Rb3 b4 47. Kc7
Rb5 48. Kc6 Rb8 49. Kc7 Rg8 50. Rxb4 Rg5 51. Kd6 Rxh5 52. Rb7+ Kg6 53. Rb8 Rh2
54. Ke6 Rxf2 55. Rg8+ Kh5 56. Rf8 Rf3 57. Rxf6 Kg5 58. Rf5+ Rxf5 59. exf5 e4
60. f6 e3 61. f7 e2 62. f8=Q e1=Q+ 63. Kd5 Qd2+ 64. Ke4 Qe2+ 65. Kd4 Qb2+ 66.
Ke4 Qg2+ 67. Kd4 Qxg3 68. Qg7+ Kh5 69. Qf7+ Kh4 70. Qf6+ Kh3 71. Qxh6+ Kg2 72.
Qc1 Qd6+ 73. Ke4 Qe6+ 74. Kd4 Qf6+ 75. Ke4 g3 76. Qd1 Qh4+ 77. Ke3 Qh6+ 78. Ke4
Qh7+ 0-1

[Event "38. Abierto Ciudad de Sevilla"]
[Site "Sevilla ESP"]
[Date "2013.01.18"]
[Round "8.13"]
[White "Piscopo, Pierluigi"]
[Black "Van Hoolandt, Patrick"]
[Result "1-0"]
[WhiteElo "2407"]
[BlackElo "2203"]
[PlyCount "76"]
[EventDate "2013.01.11"]
[EventType "swiss"]
[EventRounds "9"]
[EventCountry "ESP"]
[Source "lmi"]
[SourceDate "2013.01.11"]

1. c4 e6 2. g3 d5 3. Nf3 Nf6 4. b3 d4 5. Bg2 Nc6 6. O-O e5 7. d3 h6 8. e3 Bc5
9. Ba3 Bxa3 10. Nxa3 O-O 11. exd4 exd4 12. Nc2 a5 13. Qd2 Qd6 14. a3 Ng4 15. b4
axb4 16. axb4 Rxa1 17. Rxa1 Nge5 18. Nxe5 Nxe5 19. Ra5 c6 20. Qf4 Re8 21. h4 f6
22. Ra3 g5 23. Qxd4 Qxd4 24. Nxd4 Rd8 25. Ra8 gxh4 26. Nf5 hxg3 27. fxg3 Kf8
28. Be4 h5 29. c5 Nxd3 30. Bxd3 Rxd3 31. Rxc8+ Kf7 32. Rc7+ Ke6 33. Ng7+ Ke5
34. Nxh5 Kf5 35. Kf2 Rb3 36. Rxb7 Rb2+ 37. Kf3 Kg5 38. Nf4 Rb3+ 1-0

[Event "38. Abierto Ciudad de Sevilla"]
[Site "Sevilla ESP"]
[Date "2013.01.18"]
[Round "8.15"]
[White "Lasinskas, Povilas"]
[Black "Serrano Salvador, Eduardo"]
[Result "0-1"]
[WhiteElo "2183"]
[BlackElo "2349"]
[PlyCount "118"]
[EventDate "2013.01.11"]
[EventType "swiss"]
[EventRounds "9"]
[EventCountry "ESP"]
[Source "lmi"]
[SourceDate "2013.01.11"]

1. d4 Nf6 2. c4 d6 3. Nc3 Nbd7 4. e4 e5 5. d5 Nc5 6. f3 a5 7. Be3 Be7 8. Bd3
Nh5 9. Nge2 Bg5 10. Qd2 h6 11. O-O Bxe3+ 12. Qxe3 Qg5 13. Qxg5 hxg5 14. Bc2 Bd7
15. b3 Ke7 16. a3 Nf4 17. h3 Nxg2 18. Kxg2 Bxh3+ 19. Kf2 Bxf1 20. Rxf1 Rh2+ 21.
Ke3 Rah8 22. Rg1 f6 23. Nd1 g6 24. Nf2 Kf7 25. Nc3 Ke7 26. Nb5 c6 27. Nc3 Na6
28. Bd3 c5 29. Bf1 Nc7 30. Rg3 Ne8 31. Rg1 Ng7 32. Bd3 Nh5 33. Ne2 Ng7 34. Nc3
R8h5 35. Ke2 R5h4 36. Ke3 Nh5 37. Ne2 Kf7 38. Bb1 Nf4 39. Nxf4 gxf4+ 40. Ke2
R4h3 41. Rg4 Rg3 42. Bd3 Rh5 43. a4 f5 44. exf5 gxf5 45. Bxf5 Rxf5 46. Rh4 Rfg5
47. Ne4 Rg2+ 48. Kd3 R5g3 49. Nxg3 fxg3 50. Rg4 Rg1 51. Ke2 Kf6 52. Rg8 b6 53.
Ke3 Rb1 54. Rxg3 Rxb3+ 55. Kd2 e4 56. Rh3 exf3 57. Rh6+ Ke5 58. Re6+ Kd4 59.
Rxd6 Rc3 0-1

[Event "38. Abierto Ciudad de Sevilla"]
[Site "Sevilla ESP"]
[Date "2013.01.18"]
[Round "8.16"]
[White "Gutierrez Valero, Mario"]
[Black "Montero Melendez, Rafael"]
[Result "0-1"]
[WhiteElo "2131"]
[BlackElo "2316"]
[PlyCount "62"]
[EventDate "2013.01.11"]
[EventType "swiss"]
[EventRounds "9"]
[EventCountry "ESP"]
[Source "lmi"]
[SourceDate "2013.01.11"]

1. d4 Nf6 2. c4 e6 3. Nf3 b6 4. g3 Bb7 5. Bg2 c5 6. d5 exd5 7. Nh4 g6 8. O-O
Bg7 9. cxd5 d6 10. Nc3 O-O 11. e4 Ba6 12. Re1 Nbd7 13. f4 Re8 14. Nf3 c4 15.
Nd4 Nc5 16. e5 Nd3 17. Nc6 Qc7 18. Re3 Nd7 19. Ne4 Bf8 20. Bh3 f5 21. exf6 Rxe4
22. Rxe4 Nxf6 23. Re2 Bc8 24. Bxc8 Qxc8 25. b3 b5 26. bxc4 bxc4 27. Rc2 Qf5 28.
Rxc4 Re8 29. Nd4 Qxd5 30. Qxd3 Re4 31. Kf2 Qh5 0-1

[Event "38. Abierto Ciudad de Sevilla"]
[Site "Sevilla ESP"]
[Date "2013.01.18"]
[Round "8.18"]
[White "Carretero Ortiz, Francisco"]
[Black "Fernandez Rodriguez, Jose A"]
[Result "0-1"]
[WhiteElo "2258"]
[BlackElo "2164"]
[PlyCount "150"]
[EventDate "2013.01.11"]
[EventType "swiss"]
[EventRounds "9"]
[EventCountry "ESP"]
[Source "lmi"]
[SourceDate "2013.01.11"]

1. Nc3 d5 2. e4 dxe4 3. Nxe4 Nf6 4. Nxf6+ exf6 5. Bc4 Bd6 6. Qe2+ Qe7 7. Qxe7+
Kxe7 8. d3 Be6 9. Be3 Nc6 10. O-O-O Ne5 11. Bxe6 fxe6 12. h3 h5 13. Ne2 Kf7 14.
Nc3 a6 15. Ne4 Rad8 16. Rhe1 Rhe8 17. Nxd6+ cxd6 18. d4 Ng6 19. d5 exd5 20. Rd4
Re4 21. Red1 Rxd4 22. Rxd4 Ne7 23. Rb4 Rd7 24. g4 hxg4 25. hxg4 b5 26. Rd4 Ke6
27. Rd1 g5 28. Re1 Kf7 29. Rd1 Rd8 30. f4 gxf4 31. Bxf4 Ng6 32. Bg3 Ke6 33.
Re1+ Ne5 34. g5 fxg5 35. Rh1 Rf8 36. Rh6+ Rf6 37. Rh8 Kf5 38. Ra8 Ke4 39. Rxa6
Nc4 40. Kd1 Nxb2+ 41. Ke2 Nc4 42. Ra8 Rf3 43. Be1 Ra3 44. Re8+ Kf5 45. Rf8+ Ke6
46. Rg8 Rxa2 47. Rxg5 Rxc2+ 48. Kd3 Rc1 49. Bc3 Ne5+ 50. Kd2 Nf3+ 51. Kxc1 Nxg5
52. Kc2 Nf3 53. Kd3 d4 54. Ba5 Kd5 55. Bb4 Ne5+ 56. Kd2 Ke4 57. Ke2 d3+ 58. Kd2
Nc4+ 59. Kd1 d2 60. Ke2 d5 61. Bf8 d4 62. Be7 Kd5 63. Bf8 d1=Q+ 64. Kxd1 Ne3+
65. Kc1 Kc4 66. Be7 Kc3 67. Bh4 b4 68. Be1+ Kc4 69. Kb2 Nd1+ 70. Kc1 Nc3 71.
Bh4 b3 72. Bg5 Na4 73. Bf6 b2+ 74. Kb1 Kb3 75. Bxd4 Nc3+ 0-1

[Event "38. Abierto Ciudad de Sevilla"]
[Site "Sevilla ESP"]
[Date "2013.01.18"]
[Round "8.19"]
[White "Ibarra Jerez, Jose Carlos"]
[Black "Dhar-barua, Saheli"]
[Result "1-0"]
[WhiteElo "2538"]
[BlackElo "2091"]
[PlyCount "75"]
[EventDate "2013.01.11"]
[EventType "swiss"]
[EventRounds "9"]
[EventCountry "ESP"]
[Source "lmi"]
[SourceDate "2013.01.11"]

1. e4 e6 2. Nf3 d5 3. Nc3 d4 4. Ne2 c5 5. c3 dxc3 6. bxc3 Nf6 7. e5 Nd5 8. Ng3
Nc6 9. Bc4 Be7 10. O-O O-O 11. Bb3 b6 12. Qe2 f5 13. exf6 Bxf6 14. Qe4 Qd6 15.
Re1 Bd7 16. Ba3 Rae8 17. Nh5 g6 18. Nxf6+ Rxf6 19. d4 Nxc3 20. Qe3 Nd5 21. dxc5
Nxe3 22. cxd6 Nd5 23. Ng5 Rf5 24. Ne4 Kf7 25. Bb2 h6 26. g4 Rf4 27. Bd1 Rc8 28.
Bc1 Nd4 29. Bxf4 Nxf4 30. Nd2 Nc2 31. Bxc2 Rxc2 32. Nf3 Nh3+ 33. Kg2 Nxf2 34.
Ne5+ Ke8 35. Kg3 g5 36. Re3 Rd2 37. Rf1 Nd1 38. Ref3 1-0

[Event "38. Abierto Ciudad de Sevilla"]
[Site "Sevilla ESP"]
[Date "2013.01.18"]
[Round "8.20"]
[White "Khamrakulov, Ibragim S"]
[Black "Espejo Hava, Francisco"]
[Result "1-0"]
[WhiteElo "2509"]
[BlackElo "2037"]
[PlyCount "73"]
[EventDate "2013.01.11"]
[EventType "swiss"]
[EventRounds "9"]
[EventCountry "ESP"]
[Source "lmi"]
[SourceDate "2013.01.11"]

1. e4 e5 2. Nf3 Nc6 3. Bc4 Nf6 4. d3 h6 5. O-O d6 6. a4 g6 7. Be3 Ng4 8. Bd2
Bg7 9. h3 Nf6 10. Nc3 O-O 11. Be3 Qe7 12. Re1 a6 13. Qd2 Kh7 14. Rad1 Bd7 15.
Nh2 Nd4 16. f4 c6 17. fxe5 dxe5 18. Ne2 b5 19. Ba2 Nxe2+ 20. Rxe2 c5 21. Qa5
Rfb8 22. Nf3 Ne8 23. Bd5 Ra7 24. b4 Rc7 25. Bxc5 Rxc5 26. bxc5 Qxc5+ 27. Kh2 f5
28. axb5 axb5 29. Ra1 Qf8 30. Qa7 Rd8 31. Qb6 Nd6 32. Ra6 Bc8 33. Ra7 fxe4 34.
Bxe4 Nxe4 35. Rxe4 Bf5 36. Rxe5 Bxd3 37. Ree7 1-0

[Event "38. Abierto Ciudad de Sevilla"]
[Site "Sevilla ESP"]
[Date "2013.01.19"]
[Round "8.91"]
[White "Aizpurua Zufiria, Iñaki"]
[Black "Lara Garcia, Juan Manuel"]
[Result "0-1"]
[WhiteElo "1610"]
[BlackElo "1504"]
[PlyCount "82"]
[EventDate "2013.01.11"]
[EventType "swiss"]
[EventRounds "9"]
[EventCountry "ESP"]
[Source "lmi"]
[SourceDate "2013.01.11"]

1. d4 Nf6 2. Nf3 e6 3. e3 c5 4. Bd3 Nc6 5. O-O cxd4 6. exd4 d5 7. b3 Bd6 8. Bb2
Qc7 9. Nbd2 O-O 10. c4 b6 11. a3 a5 12. Rc1 Ba6 13. Qe2 Qb7 14. Ne5 Ne7 15. f4
Rac8 16. g4 g6 17. Qf3 Qa8 18. g5 Nh5 19. Qg4 Nf5 20. Rce1 Bb7 21. Nd7 Rfd8 22.
Nxb6 Qa7 23. Nxc8 Rxc8 24. c5 Bxc5 25. dxc5 Qxc5+ 26. Kg2 Ne3+ 27. Rxe3 Qxe3
28. Qe2 Nxf4+ 29. Rxf4 Qxf4 30. Nf3 d4 31. Kf2 Bxf3 32. Qxf3 Qxh2+ 33. Qg2 Qf4+
34. Qf3 Qd2+ 35. Qe2 Qxg5 36. Qe4 e5 37. Bc4 Rd8 38. Bd3 h5 39. Bc4 h4 40. Qf3
Rd7 41. a4 d3 0-1

[Event "38. Abierto Ciudad de Sevilla"]
[Site "Sevilla ESP"]
[Date "2013.01.19"]
[Round "9.1"]
[White "Haslinger, Stewart G"]
[Black "Rzayev, Bahruz"]
[Result "1/2-1/2"]
[WhiteElo "2535"]
[BlackElo "2370"]
[PlyCount "20"]
[EventDate "2013.01.11"]
[EventType "swiss"]
[EventRounds "9"]
[EventCountry "ESP"]
[Source "lmi"]
[SourceDate "2013.01.11"]

1. e4 e5 2. Nf3 Nc6 3. d4 exd4 4. Nxd4 Bc5 5. Nxc6 Qf6 6. Qf3 bxc6 7. Nd2 Qxf3
8. gxf3 Ne7 9. Nb3 Bb6 10. a4 a5 1/2-1/2

[Event "38. Abierto Ciudad de Sevilla"]
[Site "Sevilla ESP"]
[Date "2013.01.19"]
[Round "9.2"]
[White "Roy Chowdhury, Saptarshi"]
[Black "Mirzoev, Azer"]
[Result "1/2-1/2"]
[WhiteElo "2451"]
[BlackElo "2547"]
[PlyCount "30"]
[EventDate "2013.01.11"]
[EventType "swiss"]
[EventRounds "9"]
[EventCountry "ESP"]
[Source "lmi"]
[SourceDate "2013.01.11"]

1. e4 e5 2. Nf3 Nc6 3. Bc4 Bc5 4. c3 Nf6 5. d3 O-O 6. Bb3 d5 7. Nbd2 Be6 8. h3
h6 9. Qe2 Re8 10. Ba4 dxe4 11. Nxe4 Nxe4 12. dxe4 Bd7 13. O-O Qe7 14. Be3 Bb6
15. Bb3 Bxe3 1/2-1/2

[Event "38. Abierto Ciudad de Sevilla"]
[Site "Sevilla ESP"]
[Date "2013.01.19"]
[Round "9.4"]
[White "Barrero Garcia, Carlos"]
[Black "Lalic, Bogdan"]
[Result "1/2-1/2"]
[WhiteElo "2350"]
[BlackElo "2484"]
[PlyCount "36"]
[EventDate "2013.01.11"]
[EventType "swiss"]
[EventRounds "9"]
[EventCountry "ESP"]
[Source "lmi"]
[SourceDate "2013.01.11"]

1. Nf3 c5 2. c4 Nc6 3. g3 e5 4. Nc3 g6 5. Bg2 Bg7 6. O-O Nge7 7. d3 d6 8. a3
O-O 9. Rb1 a5 10. Bg5 f6 11. Bd2 Be6 12. Ne1 Rb8 13. Nc2 d5 14. cxd5 Nxd5 15.
Nxd5 Bxd5 16. Bxd5+ Qxd5 17. b4 axb4 18. axb4 cxb4 1/2-1/2

[Event "38. Abierto Ciudad de Sevilla"]
[Site "Sevilla ESP"]
[Date "2013.01.19"]
[Round "9.7"]
[White "Serrano Salvador, Eduardo"]
[Black "Bruno, Fabio"]
[Result "1/2-1/2"]
[WhiteElo "2349"]
[BlackElo "2434"]
[PlyCount "82"]
[EventDate "2013.01.11"]
[EventType "swiss"]
[EventRounds "9"]
[EventCountry "ESP"]
[Source "lmi"]
[SourceDate "2013.01.11"]

1. d4 Nf6 2. Nf3 d5 3. Bg5 Ne4 4. Bh4 Qd6 5. c3 Qh6 6. Rg1 g5 7. Bg3 Nxg3 8.
hxg3 g4 9. Nh4 Nc6 10. e3 e5 11. Be2 Qe6 12. Qb3 Bg7 13. Na3 O-O 14. Nb5 Qe7
15. dxe5 Qxe5 16. O-O-O Ne7 17. c4 dxc4 18. Bxc4 a6 19. Nc3 b5 20. Bd3 Be6 21.
Qc2 f5 22. e4 f4 23. Nd5 Nc6 24. gxf4 Rxf4 25. Nxf4 Qxf4+ 26. Qd2 Qf6 27. Nf5
Bxf5 28. exf5 Rd8 29. Qc2 Nd4 30. Qc3 c5 31. Kb1 c4 32. Be4 h5 33. g3 Qe5 34.
Rge1 Kf7 35. Bc2 Qf6 36. Re4 Qb6 37. Qe3 Qf6 38. Re6 Nxe6 39. fxe6+ Ke8 40.
Rxd8+ Kxd8 41. Qd2+ Qd4 1/2-1/2

[Event "38. Abierto Ciudad de Sevilla"]
[Site "Sevilla ESP"]
[Date "2013.01.19"]
[Round "9.9"]
[White "Fernandez Rodriguez, Jose Antonio"]
[Black "Barua, Dibyendu"]
[Result "0-1"]
[WhiteElo "2164"]
[BlackElo "2413"]
[PlyCount "84"]
[EventDate "2013.01.11"]
[EventType "swiss"]
[EventRounds "9"]
[EventCountry "ESP"]
[Source "lmi"]
[SourceDate "2013.01.11"]

1. e4 e6 2. d4 d5 3. Nd2 Nf6 4. e5 Nfd7 5. Bd3 c5 6. c3 Nc6 7. Ne2 cxd4 8. cxd4
f6 9. exf6 Qxf6 10. Nf3 h6 11. O-O Bd6 12. Ng3 O-O 13. Bb1 Rf7 14. Qd3 Nf8 15.
Nh5 Qd8 16. Re1 Bd7 17. Ne5 Qh4 18. Ng3 Nxe5 19. dxe5 Bc5 20. Be3 Qb4 21. Bc2
Bxe3 22. Rxe3 Qxb2 23. Rb1 Qxa2 24. Re2 Be8 25. Qe3 Qa5 26. Bd3 Rc8 27. Nh5 Qc5
28. Qg3 Qc1+ 29. Re1 Qg5 30. Qh3 Rfc7 31. Be2 Rc1 32. f4 Rxe1+ 33. Rxe1 Qe7 34.
f5 Qc5+ 35. Kf1 Qc3 36. Nf6+ gxf6 37. Qxh6 Nh7 38. exf6 Qc2 39. fxe6 Qf5+ 40.
Kg1 Qxf6 41. Qe3 Qc3 42. Bd3 Qc5 0-1

[Event "38. Abierto Ciudad de Sevilla"]
[Site "Sevilla ESP"]
[Date "2013.01.19"]
[Round "9.9"]
[White "Kjartansson, Gudmundur"]
[Black "Sgnaolin, Davide"]
[Result "1-0"]
[WhiteElo "2408"]
[BlackElo "2269"]
[PlyCount "63"]
[EventDate "2013.01.11"]
[EventType "swiss"]
[EventRounds "9"]
[EventCountry "ESP"]
[Source "lmi"]
[SourceDate "2013.01.11"]

1. c4 c5 2. g3 Nc6 3. Bg2 g6 4. Nc3 Bg7 5. Nf3 e5 6. O-O Nge7 7. a3 a5 8. Ne1
d6 9. Nc2 Be6 10. Ne3 O-O 11. Ned5 f5 12. d3 h6 13. Rb1 Kh7 14. Bd2 Rb8 15. b4
axb4 16. axb4 cxb4 17. Nxb4 Nxb4 18. Rxb4 d5 19. cxd5 Nxd5 20. Rb5 Nxc3 21.
Bxc3 Bd7 22. Rd5 Qe8 23. Qa1 Bc6 24. Ra5 b6 25. Bxc6 Qxc6 26. Ra7 Rb7 27. Rxb7
Qxb7 28. Bxe5 Rf7 29. Rb1 Bxe5 30. Qxe5 Re7 31. Rxb6 Qd7 32. Qf6 1-0